[Event "Titled Tuesday intern op 16th Apr Late"]
[Site "Chess.com INT"]
[Date "2024.04.16"]
[Round "2"]
[White "Jarmula, Lukasz"]
[Black "Kostiukov, Alexandr"]
[Result "0-1"]
[WhiteElo "2432"]
[BlackElo "2271"]
[PlyCount "90"]
[EventDate "2024.04.16"]
[EventType "swiss (blitz)"]
[EventRounds "11"]
[EventCountry "USA"]
[SourceTitle "CB17_2024"]
[SourceDate "2024.04.24"]
[SourceVersion "1"]
[SourceVersionDate "2024.04.24"]
[SourceQuality "1"]

1. b3 g6 2. Bb2 Nf6 3. Bxf6 exf6 4. c4 Bg7 5. Nc3 f5 6. Rc1 0-0 7. g3 d6 8. Bg2 Nc6 9. e3 Bd7 10. Nge2 Rb8 11. d4 Re8 12. 0-0 h5 13. h4 b6 14. Nd5 Ne7 15. Ndf4 c5 16. Nh3 Bc6 17. Bxc6 Nxc6 18. Nhf4 Bh6 19. Nd5 Bg7 20. Rc2 Ne7 21. Nef4 Nxd5 22. Nxd5 cxd4 23. exd4 Re4 24. Rd2 b5 25. f3 Re8 26. Kg2 bxc4 27. bxc4 Qa5 28. Re2 Kh7 29. Rfe1 Rxe2+ 30. Rxe2 Qa6 31. Qd3 Qa4 32. Qc2 Qxc2 33. Rxc2 Bxd4 34. Re2 Kg7 35. Rd2 Bc5 36. Nf4 a5 37. Nh3 a4 38. Re2 a3 39. Re7 Rb2+ 40. Kf1 Kf8 41. Rc7 Rxa2 42. Ng5 Rf2+ 43. Ke1 a2 44. Rc8+ Ke7 45. Ra8 Rh2 0-1

[Event "Titled Tuesday intern op 24th Oct Late"]
[Site "Chess.com INT"]
[Date "2023.10.24"]
[Round "8"]
[White "Jarmula, Lukasz"]
[Black "Livaic, Leon"]
[Result "0-1"]
[WhiteElo "2425"]
[BlackElo "2549"]
[PlyCount "86"]
[EventDate "2023.10.24"]
[EventType "swiss (blitz)"]
[EventRounds "11"]
[EventCountry "USA"]
[SourceTitle "Mega2024 Update 01"]
[Source "Chessbase"]
[SourceDate "2023.11.12"]
[SourceVersion "1"]
[SourceVersionDate "2023.11.12"]
[SourceQuality "1"]

1. b3 a5 2. Nc3 d5 3. e3 Nf6 4. Bb2 Bf5 5. Nf3 e6 6. Be2 h6 7. 0-0 c6 8. d4 Bd6 9. Bd3 Nbd7 10. Ne2 Ne4 11. Ne5 0-0 12. Nf4 Qc7 13. Nxd7 Qxd7 14. Be2 a4 15. bxa4 Rxa4 16. Nd3 Rfa8 17. f3 Nf6 18. g4 Bxd3 19. Bxd3 Rxa2 20. Rb1 Qc7 21. Qe2 e5 22. dxe5 Bxe5 23. Bxe5 Qxe5 24. Rxb7 c5 25. f4 Qe6 26. Bf5 Qc6 27. Rfb1 g6 28. R1b6 Qa4 29. Rxf6 Ra1+ 30. Kf2 Rh1 31. Kg2 Qa1 32. Qf2 Qxf6 33. Kxh1 Ra1+ 34. Kg2 gxf5 35. gxf5 Qxf5 36. Qg3+ Kh7 37. Qf3 Qxc2+ 38. Kh3 Qf5+ 39. Kh4 Rg1 40. Qh5 Qf6+ 41. Kh3 Kg7 42. Qxd5 Qg6 43. Qe5+ Kh7 0-1

[Event "Titled Tuesday intern op 01st Aug Late"]
[Site "Chess.com INT"]
[Date "2023.08.01"]
[Round "5"]
[White "Jarmula, Lukasz"]
[Black "Ashraf, Artin"]
[Result "0-1"]
[WhiteElo "2425"]
[BlackElo "2352"]
[PlyCount "86"]
[EventDate "2023.08.01"]
[EventType "swiss (blitz)"]
[EventRounds "11"]
[EventCountry "USA"]
[SourceTitle "EXT 2024"]
[Source "ChessBase"]
[SourceDate "2023.10.10"]
[SourceVersion "1"]
[SourceVersionDate "2023.10.10"]
[SourceQuality "1"]

1. b3 e5 2. Bb2 d6 3. e3 Nd7 4. Ne2 Ngf6 5. d4 g6 6. Nbc3 e4 7. Qd2 Bg7 8. 0-0-0 Qe7 9. Kb1 c6 10. d5 c5 11. Ng3 0-0 12. f3 exf3 13. gxf3 a6 14. f4 b5 15. Bg2 Nb6 16. e4 b4 17. Nce2 c4 18. Qxb4 Rb8 19. e5 Ng4 20. exd6 Qe3 21. Bxg7 Kxg7 22. Nd4 Qxf4 23. Nc6 Nxd5 24. Qxb8 Nc3+ 25. Kb2 Qf6 26. Rd4 Nb5 27. Ne4 Qh4 28. Rxc4 Ne3 29. d7 Bxd7 30. Qe5+ f6 31. Nxf6 Qxf6 32. Qxf6+ Rxf6 33. Rc5 Nxg2 34. Ne5 Bf5 35. a4 Nd4 36. Rc7+ Kh6 37. Nf7+ Kh5 38. Ne5 h6 39. Rd1 Nxc2 40. Rxc2 Bxc2 41. Kxc2 Ne3+ 42. Kd2 Nxd1 43. Kxd1 Rf2 0-1

[Event "Warsaw Najdorf Memorial op-A"]
[Site "Warsaw"]
[Date "2023.07.14"]
[Round "4"]
[White "Fiszer, Bartosz"]
[Black "Jarmula, Lukasz"]
[Result "1/2-1/2"]
[WhiteElo "2194"]
[BlackElo "2435"]
[PlyCount "73"]
[EventDate "2023.07.11"]
[EventType "swiss"]
[EventRounds "9"]
[EventCountry "POL"]
[SourceTitle "EXT 2024"]
[Source "ChessBase"]
[SourceDate "2023.10.10"]
[SourceVersion "1"]
[SourceVersionDate "2023.10.10"]
[SourceQuality "1"]

1. e4 d5 2. exd5 Qxd5 3. Nc3 Qd6 4. d4 c6 5. Bc4 Be6 6. d5 cxd5 7. Nxd5 Bxd5 8. Qxd5 Qxd5 9. Bxd5 Nc6 10. Bxc6+ bxc6 11. Nf3 f6 12. Be3 e5 13. 0-0-0 Ne7 14. c4 Nf5 15. g4 Nxe3 16. fxe3 Bc5 17. e4 h5 18. g5 fxg5 19. Nxe5 Rh6 20. Nd3 Bd4 21. Kc2 Re6 22. Nf4 gxf4 23. Rxd4 Rd8 24. Rxd8+ Kxd8 25. Rg1 Rxe4 26. Rxg7 f3 27. Rf7 Re2+ 28. Kc3 f2 29. a4 Ke8 30. Rf4 Ke7 31. b4 Kd6 32. Kd4 Rd2+ 33. Ke3 Rb2 34. Kd4 Rd2+ 35. Ke3 Ra2 36. Kd4 Rd2+ 37. Ke3 1/2-1/2

[Event "Titled Tuesday intern op 27th Jun Late"]
[Site "Chess.com INT"]
[Date "2023.06.27"]
[Round "2"]
[White "Jarmula, Lukasz"]
[Black "Yoo, Christopher Woojin"]
[Result "0-1"]
[WhiteElo "2434"]
[BlackElo "2606"]
[PlyCount "70"]
[EventDate "2023.06.27"]
[EventType "swiss (blitz)"]
[EventRounds "11"]
[EventCountry "USA"]
[SourceTitle "EXT 2024"]
[Source "ChessBase"]
[SourceDate "2023.10.10"]
[SourceVersion "1"]
[SourceVersionDate "2023.10.10"]
[SourceQuality "1"]

1. b3 e5 2. Bb2 Nc6 3. c4 g6 4. Nf3 Bg7 5. e3 d6 6. Be2 f5 7. d4 e4 8. Ng1 Nf6 9. Nh3 0-0 10. Nc3 h6 11. Nf4 g5 12. Nfd5 Nxd5 13. Nxd5 Be6 14. h4 f4 15. Bg4 Bxd5 16. cxd5 Nb4 17. 0-0 gxh4 18. Be6+ Kh8 19. Qg4 Qg5 20. Qh3 Nd3 21. Bc3 c6 22. dxc6 bxc6 23. Bd2 c5 24. exf4 Nxf4 25. Bxf4 Rxf4 26. dxc5 Bxa1 27. Rxa1 Qxc5 28. Rd1 Qxf2+ 29. Kh1 e3 30. Bd5 Raf8 31. Qe6 R4f6 32. Qe7 e2 33. Ra1 Qf1+ 34. Kh2 Qxa1 35. Be4 Qe5+ 0-1

[Event "Legnica Voivoda Cup 37th"]
[Site "Legnica"]
[Date "2023.06.06"]
[Round "9"]
[White "Jarmula, Lukasz"]
[Black "Nowak, Lukasz1111"]
[Result "0-1"]
[WhiteElo "2439"]
[BlackElo "2397"]
[PlyCount "112"]
[EventDate "2023.05.30"]
[EventType "tourn"]
[EventRounds "9"]
[EventCountry "POL"]
[EventCategory "7"]
[SourceTitle "CBM 214 Extra"]
[Source "ChessBase"]
[SourceDate "2023.07.31"]
[SourceVersion "1"]
[SourceVersionDate "2023.07.31"]
[SourceQuality "1"]

1. d4 d5 2. Nc3 Nf6 3. Bf4 e6 4. Nb5 Na6 5. e3 Be7 6. Nf3 0-0 7. h4 c6 8. Nc3 c5 9. a3 Bd7 10. h5 Rc8 11. Ne5 Be8 12. Bd3 Qb6 13. Rb1 Nb8 14. 0-0 Nbd7 15. h6 g6 16. Na4 Qd8 17. Nxc5 Nxc5 18. dxc5 Bxc5 19. Bg5 Be7 20. c4 Qc7 21. f4 dxc4 22. Bxc4 Rd8 23. Qf3 Nd5 24. Bxe7 Qxe7 25. e4 Nf6 26. b4 Qd6 27. Kh2 Ba4 28. Bb3 Bxb3 29. Rxb3 Qd4 30. Rd3 Qxe4 31. Qxe4 Nxe4 32. Nd7 Kh8 33. Kg1 Rfe8 34. Rfd1 f5 35. a4 Rc8 36. Ne5 Nc3 37. Rd7 Nxd1 38. Nf7+ Kg8 39. Ng5 Rf8 40. Rxd1 Rfd8 41. Re1 Rd6 42. Re2 Rc4 43. b5 Rxf4 44. Nf3 Rc4 45. a5 Rc5 46. Ng5 e5 47. Kh2 e4 48. Kg3 Rd1 49. Ne6 Re5 50. Ng5 Rc5 51. Ne6 Rc4 52. b6 a6 53. Kf2 Rd6 54. Ng5 Rdc6 55. Kg1 Rc2 56. Re3 R6c3 0-1

[Event "Legnica Voivoda Cup 37th"]
[Site "Legnica"]
[Date "2023.06.05"]
[Round "8"]
[White "Golubka, Petr"]
[Black "Jarmula, Lukasz"]
[Result "1/2-1/2"]
[WhiteElo "2371"]
[BlackElo "2439"]
[PlyCount "110"]
[EventDate "2023.05.30"]
[EventType "tourn"]
[EventRounds "9"]
[EventCountry "POL"]
[EventCategory "7"]
[SourceTitle "CBM 214 Extra"]
[Source "ChessBase"]
[SourceDate "2023.07.31"]
[SourceVersion "1"]
[SourceVersionDate "2023.07.31"]
[SourceQuality "1"]

1. e4 d6 2. f4 d5 3. exd5 Nf6 4. Bb5+ Bd7 5. Qe2 Nxd5 6. d4 g6 7. Nf3 Bg7 8. 0-0 0-0 9. Bc4 Bg4 10. c3 c5 11. dxc5 Qc7 12. Bxd5 Qxc5+ 13. Be3 Qxd5 14. h3 Bxf3 15. Qxf3 Qxf3 16. Rxf3 Nc6 17. Nd2 b5 18. a3 a5 19. Rc1 Rfc8 20. Kf2 e5 21. g4 Nd4 22. Bxd4 exd4 23. c4 a4 24. b4 axb3 25. Rxb3 Bf8 26. Rxb5 Rxa3 27. c5 Rc3 28. Nb3 Rxc1 29. Nxc1 Bxc5 30. Nd3 Bf8 31. Rd5 Bg7 32. Ne5 Rc2+ 33. Kf3 Rc3+ 34. Ke4 Bxe5 35. Kxe5 Kg7 36. h4 Rh3 37. Rxd4 Rxh4 38. g5 Rh5 39. Ke4 h6 40. Rd5 Rh3 41. Rd7 h5 42. f5 gxf5+ 43. Kxf5 Rf3+ 44. Ke4 Rf1 45. Rd6 Re1+ 46. Kf5 Re6 47. Rd5 Ra6 48. Rc5 h4 49. Rc4 h3 50. Rh4 Ra3 51. Kg4 Kg6 52. Rh6+ Kg7 53. Rxh3 Rxh3 54. Kxh3 f6 55. gxf6+ Kxf6 1/2-1/2

[Event "Legnica Voivoda Cup 37th"]
[Site "Legnica"]
[Date "2023.06.03"]
[Round "6"]
[White "Cherniaiev, Tykhon"]
[Black "Jarmula, Lukasz"]
[Result "0-1"]
[WhiteElo "2330"]
[BlackElo "2439"]
[PlyCount "156"]
[EventDate "2023.05.30"]
[EventType "tourn"]
[EventRounds "9"]
[EventCountry "POL"]
[EventCategory "7"]
[SourceTitle "CBM 214 Extra"]
[Source "ChessBase"]
[SourceDate "2023.07.31"]
[SourceVersion "1"]
[SourceVersionDate "2023.07.31"]
[SourceQuality "1"]

1. d4 d6 2. e4 Nf6 3. Nc3 e5 4. Nf3 exd4 5. Nxd4 Be7 6. Be2 0-0 7. Be3 Re8 8. Qd2 c5 9. Nb3 a5 10. a4 Nc6 11. f3 Be6 12. 0-0 d5 13. exd5 Nxd5 14. Nxd5 Qxd5 15. Qxd5 Bxd5 16. c4 Be6 17. Nxc5 Bf6 18. Ne4 Bxb2 19. Rad1 Bf5 20. Bd3 Ne5 21. Bb1 Nxc4 22. Bf2 Be5 23. Nf6+ Bxf6 24. Bxf5 Nb2 25. Rd7 Nxa4 26. Rxb7 Nc3 27. Bd3 Rec8 28. Bf5 Rcb8 29. Rxb8+ Rxb8 30. Be1 Bd4+ 31. Kh1 a4 32. Bxc3 Bxc3 33. Rc1 Bb2 34. Rc4 a3 35. Ra4 g6 36. Be4 Rd8 37. g3 Rd2 38. Ra5 Kf8 39. Ra7 h5 40. Bc6 g5 41. h4 g4 42. fxg4 hxg4 43. Be4 Rf2 44. Bd5 Ke8 45. Bc6+ Kd8 46. Bd5 f5 47. Ra4 Kc7 48. h5 Kd6 49. Bg8 Rf3 50. Ra5 Kc6 51. Be6 Kb6 52. Ra8 Bd4 53. h6 Rf1+ 54. Kg2 Rf2+ 55. Kh1 Re2 56. Bc4 Rc2 57. Be6 f4 58. Rxa3 Rc1+ 59. Kh2 Bg1+ 60. Kg2 f3+ 61. Rxf3 gxf3+ 62. Kxf3 Rc3+ 63. Ke4 Re3+ 64. Kf5 Rxg3 65. h7 Bd4 66. Bg8 Kc5 67. Ke4 Re3+ 68. Kf5 Bh8 69. Bf7 Kd4 70. Bg8 Re7 71. Kf4 Re4+ 72. Kf5 Ke3 73. Bf7 Re5+ 74. Kg6 Kf4 75. Bg8 Rf5 76. Bc4 Rf6+ 77. Kh5 Bg7 78. Bb3 Rh6# 0-1

[Event "Ostrava Konik op-A"]
[Site "Ostrava"]
[Date "2023.05.11"]
[Round "6"]
[White "Jarmula, Lukasz"]
[Black "Starosta, Martyna"]
[Result "1-0"]
[WhiteElo "2439"]
[BlackElo "2142"]
[PlyCount "85"]
[EventDate "2023.05.06"]
[EventType "swiss"]
[EventRounds "9"]
[EventCountry "CZE"]
[SourceTitle "CBM 214 Extra"]
[Source "ChessBase"]
[SourceDate "2023.07.31"]
[SourceVersion "1"]
[SourceVersionDate "2023.07.31"]
[SourceQuality "1"]

1. b3 d5 2. Bb2 Bg4 3. Nf3 Nd7 4. g3 Bxf3 5. exf3 Ngf6 6. Qe2 e6 7. f4 Bd6 8. Bg2 0-0 9. 0-0 c6 10. d4 Re8 11. Nd2 Nf8 12. Nf3 N6d7 13. Rfe1 f6 14. c4 Qe7 15. Qd3 Qf7 16. Re3 Ng6 17. Rae1 Re7 18. f5 exf5 19. Qxf5 Rxe3 20. Rxe3 dxc4 21. bxc4 Nb6 22. c5 Nd5 23. cxd6 Nxe3 24. fxe3 Qxa2 25. Qc2 Qe6 26. e4 Qxd6 27. e5 Qe6 28. Bf1 Ne7 29. Bd3 g6 30. d5 Nxd5 31. Bxg6 Qg4 32. Bxh7+ Kf7 33. Be4 Re8 34. Bxd5+ cxd5 35. Qh7+ Ke6 36. Nd4+ Kxe5 37. Nb5+ d4 38. Bxd4+ Kd5 39. Qxb7+ Ke6 40. Qc6+ Kf5 41. Qd7+ Kg5 42. h4+ Kh5 43. Qh7# 1-0

[Event "Ostrava Konik op-A"]
[Site "Ostrava"]
[Date "2023.05.06"]
[Round "1"]
[White "Nemitz, Alfred"]
[Black "Jarmula, Lukasz"]
[Result "1-0"]
[WhiteElo "2079"]
[BlackElo "2439"]
[PlyCount "137"]
[EventDate "2023.05.06"]
[EventType "swiss"]
[EventRounds "9"]
[EventCountry "CZE"]
[SourceTitle "CBM 214 Extra"]
[Source "ChessBase"]
[SourceDate "2023.07.31"]
[SourceVersion "1"]
[SourceVersionDate "2023.07.31"]
[SourceQuality "1"]

1. d4 d6 2. Nf3 Nf6 3. Bg5 Nbd7 4. Nbd2 h6 5. Bh4 g5 6. Bg3 Nh5 7. e3 Bg7 8. Be2 e6 9. c3 b6 10. Qc2 Bb7 11. 0-0-0 Qe7 12. Ne1 Nxg3 13. hxg3 0-0-0 14. Bf3 d5 15. Nd3 c5 16. dxc5 bxc5 17. Qa4 Kb8 18. e4 Qd6 19. Qa5 Rc8 20. exd5 exd5 21. Bg4 Rhd8 22. Rhe1 c4 23. Nb4 Qf6 24. Nf3 Rc5 25. Qa4 a5 26. Nxd5 Rxd5 27. Rxd5 Bxd5 28. Bxd7 Qd6 29. Re8 Rxe8 30. Bxe8 g4 31. Qb5+ Kc8 32. Nd2 Kd8 33. Qa4 h5 34. Bb5 Bh6 35. Qxa5+ Ke7 36. Qa7+ Kf8 37. Qd4 Qe6 38. Qh8+ Ke7 39. Qe8+ Kd6 40. Qxe6+ Bxe6 41. Kc2 Kc5 42. Be8 Bd5 43. f3 Bg7 44. Ne4+ Kb6 45. Nd2 Be6 46. Nf1 Be5 47. f4 Bd6 48. Ne3 h4 49. gxh4 Bxf4 50. Kd2 f5 51. Ke2 Bg3 52. Bg6 f4 53. Bf5 Bf7 54. Nxg4 Bd5 55. h5 Bxg2 56. Ne5 Bh4 57. Nxc4+ Kc5 58. Nd2 Bd5 59. b4+ Kd6 60. a4 Bf6 61. c4 f3+ 62. Kd3 Bc6 63. b5 Be8 64. Ne4+ Ke5 65. Nxf6 Kxf6 66. Bg4 f2 67. Ke2 Bf7 68. Kxf2 Bxc4 69. b6 1-0

[Event "Titled Tuesday intern op 02nd May Late"]
[Site "Chess.com INT"]
[Date "2023.05.02"]
[Round "2"]
[White "Bortnyk, Mykola"]
[Black "Jarmula, Lukasz"]
[Result "1-0"]
[WhiteElo "2425"]
[BlackElo "2439"]
[PlyCount "109"]
[EventDate "2023.05.02"]
[EventType "swiss (blitz)"]
[EventRounds "11"]
[EventCountry "USA"]
[SourceTitle "EXT 2024"]
[Source "ChessBase"]
[SourceDate "2023.10.10"]
[SourceVersion "1"]
[SourceVersionDate "2023.10.10"]
[SourceQuality "1"]

1. e4 b6 2. d4 Bb7 3. Bd3 d6 4. Nf3 Nd7 5. 0-0 e5 6. c3 Ngf6 7. Re1 g6 8. Nbd2 Bg7 9. Nf1 0-0 10. Ng3 Re8 11. Bg5 h6 12. Bd2 d5 13. Qc1 dxe4 14. Nxe4 Nxe4 15. Bxe4 Bxe4 16. Rxe4 f5 17. Re2 e4 18. Ne1 Kh7 19. a4 Nf6 20. Nc2 Qd7 21. a5 g5 22. c4 f4 23. Bc3 f3 24. Re3 Nh5 25. Ne1 Nf4 26. gxf3 exf3 27. Qc2+ Kh8 28. Rxf3 Qg4+ 29. Rg3 Ne2+ 30. Kg2 Nxg3 31. hxg3 Re2 32. Qd3 Rf8 33. Nf3 Re7 34. Rf1 Ref7 35. Nh2 Qf5 36. Qxf5 Rxf5 37. axb6 axb6 38. Ng4 h5 39. Rh1 Kg8 40. Rxh5 c5 41. d5 Bxc3 42. Nh6+ Kg7 43. Nxf5+ Rxf5 44. bxc3 Re5 45. Rh1 Re4 46. d6 Kf7 47. Rh7+ Ke8 48. Re7+ Rxe7 49. dxe7 g4 50. f3 gxf3+ 51. Kxf3 Kxe7 52. Ke4 Kf6 53. Kd5 Kf5 54. Kc6 Ke4 55. Kxb6 1-0

[Event "Titled Tuesday intern op 02nd May Late"]
[Site "Chess.com INT"]
[Date "2023.05.02"]
[Round "5"]
[White "Holt, Conrad"]
[Black "Jarmula, Lukasz"]
[Result "1-0"]
[WhiteElo "2540"]
[BlackElo "2439"]
[PlyCount "73"]
[EventDate "2023.05.02"]
[EventType "swiss (blitz)"]
[EventRounds "11"]
[EventCountry "USA"]
[SourceTitle "EXT 2024"]
[Source "ChessBase"]
[SourceDate "2023.10.10"]
[SourceVersion "1"]
[SourceVersionDate "2023.10.10"]
[SourceQuality "1"]

1. d4 d6 2. c4 e5 3. e3 exd4 4. exd4 g6 5. Nc3 Bg7 6. Nf3 Ne7 7. Be2 Bg4 8. h3 Bxf3 9. Bxf3 Nbc6 10. d5 Ne5 11. 0-0 0-0 12. Be2 Nf5 13. Kh1 Qh4 14. Bg4 Nxg4 15. Qxg4 Bxc3 16. bxc3 Qf6 17. Qf3 Qh4 18. Qg4 Rfe8 19. Bg5 Qxg4 20. hxg4 Ne7 21. Rfe1 Kf8 22. Bh6+ Kg8 23. Re3 f6 24. Rf3 Kf7 25. Rd1 Ng8 26. Bf4 Re4 27. Rd4 Re1+ 28. Kh2 Ra1 29. c5 dxc5 30. Ra4 Ne7 31. c4 b5 32. Ra5 bxc4 33. Rxc5 Rd8 34. Rxc7 Kf8 35. Bh6+ Ke8 36. Rxf6 Nxd5 37. Rf8# 1-0

[Event "Titled Tuesday intern op 02nd May Late"]
[Site "Chess.com INT"]
[Date "2023.05.02"]
[Round "4"]
[White "Jarmula, Lukasz"]
[Black "Jarocka, Liwia"]
[Result "1-0"]
[WhiteElo "2439"]
[BlackElo "2225"]
[PlyCount "63"]
[EventDate "2023.05.02"]
[EventType "swiss (blitz)"]
[EventRounds "11"]
[EventCountry "USA"]
[SourceTitle "EXT 2024"]
[Source "ChessBase"]
[SourceDate "2023.10.10"]
[SourceVersion "1"]
[SourceVersionDate "2023.10.10"]
[SourceQuality "1"]

1. b3 Nf6 2. Bb2 g6 3. c4 Bg7 4. g3 0-0 5. Bg2 c5 6. Nf3 Nc6 7. 0-0 b6 8. d4 cxd4 9. Nxd4 Bb7 10. Nc3 Rc8 11. e3 Ba8 12. Nde2 d6 13. Nf4 h5 14. h3 Ne5 15. Bxa8 Rxa8 16. Ncd5 Nxd5 17. Qxd5 Nf3+ 18. Qxf3 Bxb2 19. Rad1 Bg7 20. Qd5 Qd7 21. Nxg6 Rfe8 22. Nf4 h4 23. Qg5 f6 24. Qxh4 Rac8 25. Rd5 Rc5 26. Qh5 Rec8 27. Rfd1 a5 28. a4 Rxd5 29. Qxd5+ Kh7 30. Ne6 Bh6 31. Qf5+ Kg8 32. Qg6+ 1-0

[Event "Titled Tuesday intern op 02nd May Late"]
[Site "Chess.com INT"]
[Date "2023.05.02"]
[Round "3"]
[White "Jarmula, Lukasz"]
[Black "Rottenwohrer Suarez, Juan"]
[Result "1-0"]
[WhiteElo "2439"]
[BlackElo "2265"]
[PlyCount "77"]
[EventDate "2023.05.02"]
[EventType "swiss (blitz)"]
[EventRounds "11"]
[EventCountry "USA"]
[SourceTitle "EXT 2024"]
[Source "ChessBase"]
[SourceDate "2023.10.10"]
[SourceVersion "1"]
[SourceVersionDate "2023.10.10"]
[SourceQuality "1"]

1. b3 a5 2. Nc3 g6 3. e4 Bg7 4. Nf3 c5 5. Bc4 e6 6. e5 d5 7. exd6 Qxd6 8. Bb2 Nf6 9. Nb5 Qd8 10. Be5 0-0 11. Bc7 Qd7 12. Ne5 Qe8 13. Bd6 Ne4 14. Nc7 Qd8 15. Bxf8 Bxe5 16. Nxa8 Qxf8 17. Nb6 Nc6 18. 0-0 Qh6 19. h3 Ne7 20. Nxc8 Nxc8 21. Qg4 Nxd2 22. Bxe6 Nxf1 23. Rxf1 Nd6 24. Bd5 Bd4 25. Qg3 Nf5 26. Qb8+ Kg7 27. Qe8 Nd6 28. Qe7 Qf4 29. c3 Bxc3 30. g3 Qf6 31. Qxf6+ Kxf6 32. Rd1 Bd4 33. Rd3 b6 34. a4 Ke7 35. Kg2 f5 36. Rd2 Kf6 37. Re2 Be5 38. f4 Bd4 39. Re6+ 1-0

[Event "Titled Tuesday intern op 14th Feb Late"]
[Site "Chess.com INT"]
[Date "2023.02.14"]
[Round "1"]
[White "Jarmula, Lukasz"]
[Black "Kaganskiy, Gleb"]
[Result "1-0"]
[WhiteElo "2439"]
[BlackElo "2183"]
[PlyCount "99"]
[EventDate "2023.02.14"]
[EventType "swiss (blitz)"]
[EventRounds "11"]
[EventCountry "USA"]
[SourceTitle "CBM 212 Extra"]
[Source "ChessBase"]
[SourceDate "2023.03.31"]
[SourceVersion "1"]
[SourceVersionDate "2023.03.31"]
[SourceQuality "1"]

1. b3 b6 2. Bb2 Bb7 3. Nf3 Nf6 4. g3 Bxf3 5. exf3 d5 6. f4 e6 7. Qe2 Be7 8. Bh3 g6 9. d3 0-0 10. Nd2 c6 11. Nf3 Nbd7 12. 0-0-0 a5 13. Ng5 Nc5 14. f3 h6 15. d4 Ncd7 16. Nxf7 Kxf7 17. Qxe6+ Kg7 18. Rhe1 Rf7 19. Qxc6 Rc8 20. Qb5 Qc7 21. c3 Qc6 22. Qxc6 Rxc6 23. Be6 Bd6 24. Bxf7 Kxf7 25. Re2 b5 26. Kb1 b4 27. cxb4 axb4 28. Rde1 h5 29. Re6 Nf8 30. R6e2 N8d7 31. Rc2 Rxc2 32. Kxc2 Ne8 33. Kd3 Nc7 34. Rc1 Nb5 35. Rc6 Ke7 36. Bc1 Nc7 37. f5 gxf5 38. Bg5+ Ke6 39. Bf4 Nb5 40. Ra6 Ke7 41. Bg5+ Ke6 42. Bd2 Ke7 43. Ra5 Na3 44. Rxd5 Ke6 45. Ra5 Nb6 46. Ra6 Nd5 47. h3 Nb1 48. g4 Nxd2 49. gxf5+ Kxf5 50. Rxd6 1-0

[Event "Krakow op-A 33rd"]
[Site "Krakow"]
[Date "2023.01.03"]
[Round "8"]
[White "Gombocz, Ferenc Jr"]
[Black "Jarmula, Lukasz"]
[Result "1/2-1/2"]
[WhiteElo "2277"]
[BlackElo "2469"]
[PlyCount "33"]
[EventDate "2022.12.27"]
[EventType "swiss"]
[EventRounds "9"]
[EventCountry "POL"]
[SourceTitle "CBM 212 Extra"]
[Source "ChessBase"]
[SourceDate "2023.03.31"]
[SourceVersion "1"]
[SourceVersionDate "2023.03.31"]
[SourceQuality "1"]

1. d4 e6 2. Nf3 c5 3. c3 d5 4. Bf4 Bd6 5. Bg3 Nf6 6. e3 0-0 7. Nbd2 Qc7 8. Bd3 Nbd7 9. 0-0 Bxg3 10. hxg3 b6 11. Qe2 Bb7 12. e4 dxe4 13. Nxe4 Nxe4 14. Bxe4 Bxe4 15. Qxe4 Nf6 16. Qe2 Rad8 17. Rfd1 1/2-1/2

[Event "EU-ch Rapid"]
[Site "Katowice"]
[Date "2022.12.18"]
[Round "10"]
[White "Jarmula, Lukasz"]
[Black "Alonso Rosell, Alvar"]
[Result "1/2-1/2"]
[WhiteElo "2469"]
[BlackElo "2561"]
[PlyCount "112"]
[EventDate "2022.12.17"]
[EventType "swiss (rapid)"]
[EventRounds "11"]
[EventCountry "POL"]
[SourceTitle "CBM 211 Extra"]
[Source "ChessBase"]
[SourceDate "2023.01.31"]
[SourceVersion "1"]
[SourceVersionDate "2023.01.31"]
[SourceQuality "1"]

1. e4 e5 2. Nf3 Nc6 3. Bb5 a6 4. Ba4 d6 5. 0-0 Bd7 6. c3 g6 7. d4 Bg7 8. h3 Nf6 9. Re1 0-0 10. Bc2 Re8 11. a4 a5 12. dxe5 Nxe5 13. Nxe5 Rxe5 14. Nd2 Bc6 15. Nc4 Re8 16. e5 dxe5 17. Qxd8 Raxd8 18. Nxa5 Bd5 19. Bb3 Bxb3 20. Nxb3 Nd5 21. a5 h6 22. Bd2 f5 23. Rad1 Bf8 24. g3 c5 25. c4 Nc7 26. Bc3 e4 27. Bf6 Rxd1 28. Rxd1 e3 29. Re1 exf2+ 30. Kxf2 Rxe1 31. Kxe1 Bd6 32. Kf2 Kf7 33. Bc3 Ne6 34. Bd2 g5 35. Nc1 Kf6 36. Nd3 h5 37. Bc3+ Ke7 38. Bd2 Kf6 39. Bc3+ Ke7 40. Bd2 g4 41. hxg4 hxg4 42. Be3 Kd7 43. Bd2 Kc6 44. Be3 Nd8 45. Bd2 Nf7 46. b4 cxb4 47. Bxb4 Bxb4 48. Nxb4+ Kc5 49. a6 bxa6 50. Nxa6+ Kxc4 51. Ke3 Kd5 52. Kf4 Ke6 53. Nc7+ Kf6 54. Nd5+ Ke6 55. Nc7+ Kf6 56. Nd5+ Ke6 1/2-1/2

[Event "EU-ch Rapid"]
[Site "Katowice"]
[Date "2022.12.17"]
[Round "6"]
[White "Jarmula, Lukasz"]
[Black "Szczurek, Krzysztof"]
[Result "1/2-1/2"]
[WhiteElo "2469"]
[BlackElo "2163"]
[PlyCount "110"]
[EventDate "2022.12.17"]
[EventType "swiss (rapid)"]
[EventRounds "11"]
[EventCountry "POL"]
[SourceTitle "CBM 211 Extra"]
[Source "ChessBase"]
[SourceDate "2023.01.31"]
[SourceVersion "1"]
[SourceVersionDate "2023.01.31"]
[SourceQuality "1"]

1. e4 c5 2. Nf3 d6 3. Bb5+ Bd7 4. c4 Nf6 5. Nc3 Nc6 6. 0-0 g6 7. Bxc6 Bxc6 8. d4 cxd4 9. Nxd4 Bg7 10. Qd3 0-0 11. b3 a6 12. Bb2 Qd7 13. Nd5 Rad8 14. Nxc6 bxc6 15. Nxf6+ Bxf6 16. Bxf6 exf6 17. Rad1 Qe6 18. Rfe1 Qe5 19. Qe3 f5 20. exf5 Qxf5 21. Qb6 Qd7 22. c5 d5 23. Qxa6 Ra8 24. Qe2 Qa7 25. h4 h5 26. g4 hxg4 27. Qxg4 Qxc5 28. Rc1 Qd6 29. a4 Rab8 30. Re3 Rfe8 31. Rce1 Rxe3 32. Rxe3 d4 33. Rd3 c5 34. h5 Kg7 35. Qg5 Rh8 36. Rh3 Qe6 37. h6+ Kh7 38. Rf3 f5 39. Qf4 Re8 40. Rg3 Qe1+ 41. Kh2 Qe5 42. Qg5 Qd6 43. Qd2 Rb8 44. Kg2 Qd5+ 45. Kh2 Rxb3 46. Rxb3 Qxb3 47. a5 Qb8+ 48. Kg1 f4 49. Qa2 d3 50. a6 Kxh6 51. a7 Qa8 52. Qf7 Kg5 53. Qe7+ Kh6 54. Qh4+ Kg7 55. Qe7+ Kh6 1/2-1/2

[Event "EU-ch Rapid"]
[Site "Katowice"]
[Date "2022.12.17"]
[Round "1"]
[White "Zheka, Ilya"]
[Black "Jarmula, Lukasz"]
[Result "0-1"]
[WhiteElo "1471"]
[BlackElo "2469"]
[PlyCount "50"]
[EventDate "2022.12.17"]
[EventType "swiss (rapid)"]
[EventRounds "11"]
[EventCountry "POL"]
[SourceTitle "CBM 211 Extra"]
[Source "ChessBase"]
[SourceDate "2023.01.31"]
[SourceVersion "1"]
[SourceVersionDate "2023.01.31"]
[SourceQuality "1"]

1. d4 Nf6 2. c4 c5 3. d5 g6 4. Nc3 Bg7 5. e4 d6 6. h3 0-0 7. Be3 e6 8. Bd3 exd5 9. exd5 Re8 10. Nge2 Nbd7 11. 0-0 Ne5 12. Ng3 Nxd3 13. Qxd3 a6 14. a3 b5 15. b4 cxb4 16. axb4 bxc4 17. Qxc4 Bb7 18. Rac1 Nd7 19. Bd4 Rc8 20. Qd3 Ne5 21. Qd2 Rc4 22. Bxe5 Bxe5 23. Nce4 Rd4 24. Qh6 Bg7 25. Qg5 f6 0-1